[Event "Rated Blitz game"]
[Site "?"]
[Date "2021.03.30"]
[Round "?"]
[White "EugeneViking87"]
[Black "ieks"]
[Result "1-0"]
[WhiteElo "2408"]
[BlackElo "2334"]
[PlyCount "55"]
[EventDate "2021.??.??"]
[EventType "blitz"]

1. e4 e5 2. Nf3 d5 3. exd5 Bd6 4. d4 e4 5. Ne5 Nf6 6. Nc3 Bf5 7. Bb5+ c6 8.
dxc6 bxc6 9. Nxc6 Nxc6 10. Bxc6+ Bd7 11. Bxa8 Qxa8 12. Be3 O-O 13. h3 Bb4 14.
O-O Bxc3 15. bxc3 Qd5 16. Qd2 Nh5 17. Rfb1 f5 18. Bf4 g5 19. Be5 f4 20. Rb3 Bc6
21. c4 Qxc4 22. Rc3 Qd5 23. Rc5 Qd7 24. Qc3 Bd5 25. Rc7 Qe6 26. Rb1 f3 27. g4
Bxa2 28. Rbb7 {Normal} 1-0

[Event "Rated Blitz game"]
[Site "?"]
[Date "2021.03.30"]
[Round "?"]
[White "Glig"]
[Black "Jomajo"]
[Result "0-1"]
[WhiteElo "2492"]
[BlackElo "2625"]
[PlyCount "44"]
[EventDate "2021.??.??"]
[EventType "blitz"]

1. e4 e5 2. Nf3 d5 3. Nxe5 Bd6 4. d4 dxe4 5. Nc4 Nf6 6. Bg5 h6 7. Bh4 Nc6 8. c3
Be7 9. Ne3 O-O 10. Be2 g5 11. Bg3 Nd5 12. Nd2 Nf4 13. O-O f5 14. Bxf4 gxf4 15.
Nd5 Bd6 16. f3 Qe8 17. Re1 Qg6 18. Kh1 Kh8 19. Nc4 Rg8 20. Bf1 Be6 21. Nxd6
Bxd5 22. c4 exf3 {Normal} 0-1

[Event "Rated Blitz game"]
[Site "?"]
[Date "2021.03.30"]
[Round "?"]
[White "Glig"]
[Black "Jomajo"]
[Result "0-1"]
[WhiteElo "2490"]
[BlackElo "2628"]
[PlyCount "74"]
[EventDate "2021.??.??"]
[EventType "blitz"]

1. e4 e5 2. Nf3 d5 3. Nxe5 Bd6 4. d4 dxe4 5. Nc4 Nc6 6. Be2 Nxd4 7. Nxd6+ Qxd6
8. O-O Nf6 9. Nc3 O-O 10. Bg5 Re8 11. Bc4 Bg4 12. Qd2 Rad8 13. Qe3 Nxc2 14.
Qxa7 Nxa1 15. Rxa1 b6 16. h3 Bf5 17. Be3 Nd7 18. Qa4 Ne5 19. Be2 Qg6 20. Kh2
Bd7 21. Qb4 Nc6 22. Qc4 Qd6+ 23. Kh1 Be6 24. Qxe4 Bxh3 25. Qh4 Bf5 26. Bf3 Ne5
27. Be2 Ng6 28. Qg5 Qe6 29. a4 h6 30. Qh5 Qf6 31. a5 Re5 32. axb6 cxb6 33. Qf3
Nh4 34. Qb7 Qg6 35. Ra8 Rxa8 36. Qxa8+ Kh7 37. Qb7 Be4 {Normal} 0-1

[Event "Rated Blitz game"]
[Site "?"]
[Date "2021.03.30"]
[Round "?"]
[White "kuperbash"]
[Black "pasha1984"]
[Result "0-1"]
[WhiteElo "2490"]
[BlackElo "2411"]
[PlyCount "40"]
[EventDate "2021.??.??"]
[EventType "blitz"]

1. e4 e5 2. Nf3 d5 3. exd5 e4 4. Qe2 Nf6 5. d3 Qxd5 6. Nbd2 Nc6 7. Nxe4 Be6 8.
Nxf6+ gxf6 9. Qe4 Qc5 10. c3 O-O-O 11. d4 Qa5 12. Bd3 f5 13. Qf4 Bd6 14. Qh4
Be7 15. Qf4 Rhg8 16. O-O Rg4 17. Qd2 Rdg8 18. g3 f4 19. Be4 fxg3 20. fxg3 Rxe4
{Time forfeit} 0-1

[Event "Rated Blitz game"]
[Site "?"]
[Date "2021.03.30"]
[Round "?"]
[White "Glig"]
[Black "Jomajo"]
[Result "0-1"]
[WhiteElo "2482"]
[BlackElo "2631"]
[PlyCount "54"]
[EventDate "2021.??.??"]
[EventType "blitz"]

1. e4 e5 2. Nf3 d5 3. Nxe5 Bd6 4. d4 dxe4 5. Nc4 Nf6 6. Be2 Nc6 7. O-O Nxd4 8.
Nc3 O-O 9. h3 h6 10. Be3 Nxe2+ 11. Qxe2 Qe7 12. Nxd6 Qxd6 13. Rad1 Qe7 14. Bd4
Bf5 15. f3 Rfe8 16. Bxf6 Qxf6 17. fxe4 Qb6+ 18. Kh1 Be6 19. b3 c6 20. Rd3 f5
21. Re3 fxe4 22. Nxe4 Bd7 23. Nf6+ gxf6 24. Qc4+ Kh8 25. Qf7 Rf8 26. Qe7 Rae8
27. Qxd7 Qxe3 {Normal} 0-1

[Event "Rated Blitz game"]
[Site "?"]
[Date "2021.03.30"]
[Round "?"]
[White "Oleskul"]
[Black "pasha1984"]
[Result "0-1"]
[WhiteElo "2337"]
[BlackElo "2412"]
[PlyCount "66"]
[EventDate "2021.??.??"]
[EventType "blitz"]

1. e4 e5 2. Nf3 d5 3. Nxe5 dxe4 4. d4 Bd6 5. Nc4 Nc6 6. Be2 Nf6 7. O-O Nxd4 8.
Nxd6+ Qxd6 9. Nc3 O-O 10. Be3 c5 11. Nb5 Nxb5 12. Bxb5 Qb6 13. Bc4 Bg4 14. f3
exf3 15. gxf3 Be6 16. Qe2 Bxc4 17. Qxc4 Rfe8 18. Bxc5 Qxb2 19. Rab1 Qe5 20. Bd4
Qg5+ 21. Kh1 Rac8 22. Qd3 Rcd8 23. Rg1 Qh6 24. Rxb7 Nh5 25. Qc4 Qf4 26. c3
Qxf3+ 27. Rg2 Qxb7 28. Qc5 Re1+ 29. Bg1 Rdd1 30. Qf2 Rxg1+ 31. Qxg1 Rxg1+ 32.
Kxg1 Nf4 33. h4 Qxg2# {Normal} 0-1

[Event "Rated Blitz game"]
[Site "?"]
[Date "2021.03.30"]
[Round "?"]
[White "AntoniodelaTorre"]
[Black "Dzon_Vejn"]
[Result "1-0"]
[WhiteElo "2439"]
[BlackElo "2414"]
[PlyCount "171"]
[EventDate "2021.??.??"]
[EventType "blitz"]

1. e4 e5 2. Nf3 d5 3. Nxe5 Bd6 4. d4 dxe4 5. Be2 Bxe5 6. dxe5 Qxd1+ 7. Bxd1 Nc6
8. Bf4 Nge7 9. Nc3 Ng6 10. Bg3 Bf5 11. O-O O-O-O 12. Re1 Ngxe5 13. Nxe4 Nc4 14.
b3 Nd2 15. Nxd2 Rxd2 16. c3 Rhd8 17. Bf3 Be6 18. h3 R2d3 19. Rec1 Bd5 20. Bg4+
Kb8 21. Bf4 Be6 22. Be2 R3d7 23. Rab1 a6 24. a4 Ne7 25. Be5 f6 26. Bd4 Nf5 27.
Bc5 b6 28. Ba3 Ka7 29. Bf3 Bd5 30. Bg4 Be4 31. Rb2 g6 32. Re1 Bd3 33. Rd2 h5
34. Bf3 c5 35. Bc6 Rd6 36. Bf3 Kb8 37. b4 c4 38. b5 R6d7 39. bxa6 Ka7 40. a5 b5
41. Bc5+ Kxa6 42. Bb6 Rc8 43. Re6 Rd6 44. Rxd6 Nxd6 45. Rd1 Re8 46. g4 h4 47.
Kg2 g5 48. Bc5 Nf7 49. Bd4 Ne5 50. Ra1 Re7 51. Bxe5 Rxe5 52. Bc6 Be4+ 53. Bxe4
Rxe4 54. Kf3 Re5 55. Ra2 Ka7 56. Kg2 Ka6 57. f4 Re3 58. fxg5 fxg5 59. Rf2 Rg3+
60. Kh2 Rxc3 61. Rf6+ Kxa5 62. Rf5 Ka4 63. Rxg5 b4 64. Rg8 Rc2+ 65. Kh1 Kb3 66.
g5 c3 67. g6 Rc1+ 68. Kg2 c2 69. Rc8 Rg1+ 70. Kxg1 c1=Q+ 71. Rxc1 Kb2 72. Rf1
b3 73. g7 Ka3 74. g8=Q b2 75. Qa8+ Kb3 76. Qb7+ Kc2 77. Qc6+ Kd2 78. Rf2+ Ke3
79. Qe6+ Kd4 80. Rd2+ Kc3 81. Qe3+ Kb4 82. Rd4+ Kb5 83. Qe5+ Kb6 84. Rd6+ Kb7
85. Qe7+ Kb8 86. Rd8# {Normal} 1-0

[Event "Rated Blitz game"]
[Site "?"]
[Date "2021.03.30"]
[Round "?"]
[White "Glig"]
[Black "Jomajo"]
[Result "1/2-1/2"]
[WhiteElo "2483"]
[BlackElo "2635"]
[PlyCount "84"]
[EventDate "2021.??.??"]
[EventType "blitz"]

1. e4 e5 2. Nf3 d5 3. d4 dxe4 4. Nxe5 Bd6 5. Nc3 Bxe5 6. dxe5 Qxd1+ 7. Nxd1 Nc6
8. Bb5 Nge7 9. Bf4 Bf5 10. Ne3 Be6 11. O-O-O O-O 12. Bg3 Rad8 13. a3 Nd4 14.
Bf1 c5 15. Nc4 f5 16. exf6 gxf6 17. Ne3 f5 18. Bf4 Ng6 19. Bh6 Rfe8 20. g3 a6
21. a4 Rd7 22. h4 Red8 23. h5 Ne5 24. Bh3 Ne2+ 25. Kb1 Rxd1+ 26. Rxd1 Rxd1+ 27.
Nxd1 Ng4 28. Bxg4 fxg4 29. Be3 Bf7 30. h6 c4 31. Nc3 Nxc3+ 32. bxc3 Be8 33. a5
Kf7 34. Kb2 Ke6 35. Ka3 Kd5 36. Kb4 Bd7 37. Bd4 Bf5 38. Be3 Bg6 39. Ka4 Be8+
40. Kb4 Bd7 41. Bd4 Bc6 42. Be3 Bd7 {Normal} 1/2-1/2

[Event "Rated Blitz game"]
[Site "?"]
[Date "2021.03.30"]
[Round "?"]
[White "jim2600"]
[Black "DonCroccante"]
[Result "1-0"]
[WhiteElo "2475"]
[BlackElo "2354"]
[PlyCount "59"]
[EventDate "2021.??.??"]
[EventType "blitz"]

1. e4 e5 2. Nf3 d5 3. Nc3 dxe4 4. Nxe4 f5 5. Nc3 Nc6 6. Bc4 e4 7. Ng1 Bc5 8. d3
Na5 9. Bxg8 Rxg8 10. dxe4 Qxd1+ 11. Nxd1 fxe4 12. Be3 Bd6 13. Ne2 Nc4 14. Ng3
Nxe3 15. Nxe3 Be5 16. O-O-O Bd7 17. Nxe4 O-O-O 18. Nc5 Bc6 19. Rxd8+ Rxd8 20.
Nd3 Bd4 21. Nf5 Bf6 22. f3 g5 23. Re1 g4 24. Ne7+ Bxe7 25. Rxe7 gxf3 26. gxf3
h5 27. f4 Rf8 28. Rh7 Bf3 29. Ne5 b6 30. Nxf3 {Normal} 1-0

[Event "Rated Blitz game"]
[Site "?"]
[Date "2021.03.30"]
[Round "?"]
[White "ThunderClap"]
[Black "GrandeGila"]
[Result "1-0"]
[WhiteElo "2293"]
[BlackElo "2426"]
[PlyCount "127"]
[EventDate "2021.??.??"]
[EventType "blitz"]

1. e4 e5 2. Nf3 d5 3. Nc3 dxe4 4. Nxe4 f5 5. Nxe5 Qe7 6. Bb5+ c6 7. Qh5+ g6 8.
Nxg6 hxg6 9. Qxh8 Nf6 10. Qxf6 Qxe4+ 11. Kd1 Be7 12. Qxg6+ Kd8 13. Re1 Qg4+ 14.
Qxg4 fxg4 15. Be2 Bf5 16. d3 Bd6 17. h3 gxh3 18. gxh3 Nd7 19. Bg4 Bxg4+ 20.
hxg4 Kc7 21. Be3 Rg8 22. g5 Nb6 23. c4 Nd7 24. f4 Nc5 25. Bxc5 Bxc5 26. Rh1 Rf8
27. Rh4 Be3 28. Kc2 c5 29. Rf1 Rf5 30. g6 Bd4 31. Rh7+ Kc6 32. Rf7 Rh5 33. g7
Rh2+ 34. Kd1 Rg2 35. f5 Bxg7 36. f6 Bh6 37. Rf3 Rxb2 38. Rh3 Bg5 39. Rh5 Be3
40. Rf5 b5 41. Re7 Bd4 42. cxb5+ Kxb5 43. Rb7+ Kc6 44. Rxb2 Bxb2 45. f7 Bg7 46.
f8=Q Bxf8 47. Rxf8 a6 48. Rf7 Kb6 49. Kc2 Kb5 50. Kc3 a5 51. Rf6 a4 52. a3 Ka5
53. Rf5 Kb6 54. Kc4 Ka5 55. Rxc5+ Ka6 56. d4 Kb7 57. d5 Kb6 58. d6 Kb7 59. d7
Kb8 60. d8=Q+ Kb7 61. Qd7+ Kb6 62. Qd6+ Kb7 63. Rc7+ Kb8 64. Qd8# {Normal} 1-0

[Event "Rated Blitz game"]
[Site "?"]
[Date "2021.03.30"]
[Round "?"]
[White "Fairy_ChessPlayer"]
[Black "GrandeGila"]
[Result "0-1"]
[WhiteElo "2282"]
[BlackElo "2417"]
[PlyCount "72"]
[EventDate "2021.??.??"]
[EventType "blitz"]

1. e4 e5 2. Nf3 d5 3. exd5 e4 4. Qe2 Nf6 5. d3 Qxd5 6. Nbd2 Be7 7. dxe4 Qe6 8.
g3 O-O 9. Bg2 Re8 10. O-O Bc5 11. Ng5 Qe7 12. Nb3 Bb6 13. Be3 h6 14. Bxb6 axb6
15. Nf3 Nxe4 16. Rfe1 Nc6 17. Nfd4 Nd6 18. Qd2 Qd7 19. Rxe8+ Qxe8 20. Re1 Qd7
21. Nxc6 bxc6 22. Nd4 Bb7 23. a3 Re8 24. Rxe8+ Qxe8 25. Qc3 c5 26. Bxb7 Nxb7
27. Nf5 Qf8 28. Qe5 g6 29. Ne7+ Kh7 30. Nd5 Qd6 31. Nf6+ Kh8 32. Qe8+ Kg7 33.
Ne4 Qd1+ 34. Kg2 Qd5 35. f3 Nd6 36. Nxd6 cxd6 {Normal} 0-1

[Event "Rated Blitz game"]
[Site "?"]
[Date "2021.03.30"]
[Round "?"]
[White "randy_segarra"]
[Black "vovaches"]
[Result "0-1"]
[WhiteElo "2553"]
[BlackElo "2629"]
[PlyCount "44"]
[EventDate "2021.??.??"]
[EventType "blitz"]

1. e4 e5 2. Nf3 d5 3. exd5 e4 4. Qe2 Nf6 5. d3 Qxd5 6. Nfd2 Nc6 7. Nxe4 Be6 8.
Nbc3 Qa5 9. Bd2 O-O-O 10. O-O-O Bxa2 11. Nxf6 gxf6 12. Qg4+ Be6 13. Qa4 Qb6 14.
Be3 Bc5 15. Bxc5 Qxc5 16. Ne4 Qb6 17. f4 Rd4 18. c4 Rhd8 19. g3 Bf5 20. Be2
Bxe4 21. dxe4 Rxd1+ 22. Rxd1 Qe3+ {Normal} 0-1

[Event "Rated Blitz game"]
[Site "?"]
[Date "2021.03.30"]
[Round "?"]
[White "sack11"]
[Black "Razario90"]
[Result "1-0"]
[WhiteElo "2456"]
[BlackElo "2379"]
[PlyCount "53"]
[EventDate "2021.??.??"]
[EventType "blitz"]

1. e4 e5 2. Nf3 d5 3. d4 exd4 4. Qxd4 dxe4 5. Qxd8+ Kxd8 6. Ng5 Be6 7. Nxe6+
fxe6 8. Bc4 Ke7 9. Nc3 Nf6 10. Bg5 h6 11. Bh4 g5 12. Bg3 Nbd7 13. O-O-O c6 14.
Rhe1 b5 15. Bb3 Nc5 16. Bd6+ Kf7 17. Bxc5 Bxc5 18. Nxe4 Nxe4 19. Rxe4 Rhe8 20.
f3 Re7 21. Rde1 Rae8 22. c3 Kf6 23. h4 Bf2 24. hxg5+ hxg5 25. Rh1 Bh4 26. Rh3
Kg7 27. g3 {Normal} 1-0

[Event "Rated Blitz game"]
[Site "?"]
[Date "2021.03.30"]
[Round "?"]
[White "Fairy_ChessPlayer"]
[Black "GrandeGila"]
[Result "0-1"]
[WhiteElo "2289"]
[BlackElo "2410"]
[PlyCount "70"]
[EventDate "2021.??.??"]
[EventType "blitz"]

1. e4 e5 2. Nf3 d5 3. exd5 e4 4. Qe2 Nf6 5. d3 Qxd5 6. Nbd2 Be7 7. dxe4 Qe6 8.
Qb5+ Nc6 9. Bc4 Qg4 10. Qb3 O-O 11. O-O Nxe4 12. Nxe4 Qxe4 13. Re1 Qg4 14. Bd2
Bd6 15. h3 Qh5 16. Ng5 Ne5 17. Be2 Qg6 18. f4 Nc6 19. Bd3 Qh5 20. Bxh7+ Kh8 21.
Be4 Nd4 22. Qc4 Ne6 23. Bf3 Qg6 24. Be4 Qh5 25. Bf3 Qh4 26. Nxe6 Bxe6 27. Qe2
b6 28. Bxa8 Rxa8 29. Qf3 Rd8 30. Bc3 Bc5+ 31. Kh1 Bd5 32. Re8+ Rxe8 33. Qxd5
Qxf4 34. Rd1 Bd6 35. Qd2 Qh2# {Normal} 0-1

[Event "Rated Blitz game"]
[Site "?"]
[Date "2021.03.30"]
[Round "?"]
[White "squares10"]
[Black "annaly1979"]
[Result "1-0"]
[WhiteElo "2429"]
[BlackElo "2389"]
[PlyCount "60"]
[EventDate "2021.??.??"]
[EventType "blitz"]

1. e4 e5 2. Nf3 d5 3. exd5 e4 4. Qe2 f5 5. d3 Nf6 6. dxe4 fxe4 7. Nc3 Bb4 8.
Bd2 Bxc3 9. Bxc3 O-O 10. Nd4 c5 11. Ne6 Bxe6 12. dxe6 Nc6 13. Qc4 Kh8 14. Qxc5
Rc8 15. Bb5 b6 16. Qa3 Re8 17. Rd1 Qc7 18. Bxf6 gxf6 19. Rd7 Qe5 20. Bxc6 Rxc6
21. Qh3 h5 22. O-O Rcxe6 23. Re1 Qg5 24. Rxa7 e3 25. f4 Qc5 26. f5 e2+ 27. Kh1
R6e7 28. Qxh5+ Kg8 29. Rxe2 Qb4 30. Qxe8+ Rxe8 {Normal} 1-0

[Event "Rated Blitz game"]
[Site "?"]
[Date "2021.03.30"]
[Round "?"]
[White "ViktorStoyanov"]
[Black "melanger"]
[Result "0-1"]
[WhiteElo "2408"]
[BlackElo "2237"]
[PlyCount "34"]
[EventDate "2021.??.??"]
[EventType "blitz"]

1. e4 e5 2. Nf3 d5 3. exd5 e4 4. Ng1 Nf6 5. c4 Bc5 6. d4 exd3 7. Bxd3 O-O 8.
Ne2 Ng4 9. O-O Qh4 10. h3 Nxf2 11. Rxf2 Bxf2+ 12. Kh2 Bg4 13. Qf1 Bxe2 14. Bxe2
Bg3+ 15. Kh1 Nd7 16. Nc3 Rae8 17. Bf3 Re1 {Normal} 0-1

[Event "Rated Blitz game"]
[Site "?"]
[Date "2021.03.30"]
[Round "?"]
[White "ramzes"]
[Black "annaly1979"]
[Result "1-0"]
[WhiteElo "2231"]
[BlackElo "2402"]
[PlyCount "133"]
[EventDate "2021.??.??"]
[EventType "blitz"]

1. e4 e5 2. Nf3 d5 3. Nxe5 Qe7 4. d4 f6 5. Nd3 Nc6 6. c3 Bf5 7. Be2 Bxe4 8. O-O
Qf7 9. Nd2 Bf5 10. Nf4 Bd6 11. Nf3 Nge7 12. Re1 O-O 13. Bd3 Be4 14. Bxe4 dxe4
15. Rxe4 Nf5 16. Qb3 Rae8 17. Rxe8 Rxe8 18. Kf1 Na5 19. Qxf7+ Kxf7 20. Nd5 c6
21. Ne3 Nxe3+ 22. Bxe3 Nc4 23. Bc1 Bc7 24. b3 Nd6 25. c4 Ne4 26. Bb2 g5 27. h3
h5 28. Re1 g4 29. hxg4 hxg4 30. Ne5+ fxe5 31. Rxe4 exd4 32. Rxe8 Kxe8 33. Bxd4
b6 34. Ke2 Kf7 35. f3 gxf3+ 36. Kxf3 Ke6 37. g4 c5 38. Be3 Be5 39. Ke4 Bc3 40.
Bf4 a6 41. a4 Kf6 42. Bc7 Ba5 43. Kd5 Kg5 44. Kc6 Kxg4 45. Bxb6 Bb4 46. Bxc5
Bc3 47. Kb6 a5 48. Kb5 Kf4 49. Bb6 Ke4 50. Bxa5 Bd4 51. Bb6 Ke5 52. a5 Bc3 53.
a6 Kd6 54. a7 Kd7 55. a8=Q Be5 56. Qc6+ Ke7 57. Qc5+ Ke6 58. Qd5+ Kf5 59. Bd4
Kf4 60. Qxe5+ Kf3 61. Qe3+ Kg4 62. Qf2 Kh3 63. Be5 Kg4 64. Qf4+ Kh5 65. Qg3 Kh6
66. Bf6 Kh7 67. Qg7# {Normal} 1-0

[Event "Rated Blitz game"]
[Site "?"]
[Date "2021.03.30"]
[Round "?"]
[White "elgalgo2017"]
[Black "CzechProphylaxis"]
[Result "0-1"]
[WhiteElo "2503"]
[BlackElo "2342"]
[PlyCount "48"]
[EventDate "2021.??.??"]
[EventType "blitz"]

1. e4 e5 2. Nf3 d5 3. exd5 Bd6 4. d4 e4 5. Ne5 Nf6 6. Bb5+ Nbd7 7. c4 O-O 8.
Bf4 Qe7 9. Nxd7 Bxd7 10. Bxd6 Qxd6 11. Bxd7 Qxd7 12. O-O a6 13. Nc3 b5 14. b3
Rfe8 15. Re1 Qf5 16. h3 h5 17. a4 b4 18. Ne2 h4 19. Qd2 Nh5 20. Qxb4 e3 21. f3
Qg5 22. Qc3 a5 23. Rad1 Ra6 24. Rd3 Rg6 {Normal} 0-1

[Event "Rated Blitz game"]
[Site "?"]
[Date "2021.03.30"]
[Round "?"]
[White "ThunderClap"]
[Black "GrandeGila"]
[Result "0-1"]
[WhiteElo "2300"]
[BlackElo "2418"]
[PlyCount "30"]
[EventDate "2021.??.??"]
[EventType "blitz"]

1. e4 e5 2. Nf3 d5 3. exd5 e4 4. Qe2 Nf6 5. Nc3 Be7 6. Nxe4 O-O 7. d3 Nxd5 8.
Bd2 f5 9. Nc3 Re8 10. Nxd5 Qxd5 11. Qd1 Bc5+ 12. Be2 Qe6 13. d4 Bb6 14. Ne5
Bxd4 15. Bc4 Qxc4 {Normal} 0-1

[Event "Rated Blitz game"]
[Site "?"]
[Date "2021.03.30"]
[Round "?"]
[White "johanbooij"]
[Black "pasha1984"]
[Result "1-0"]
[WhiteElo "2387"]
[BlackElo "2421"]
[PlyCount "67"]
[EventDate "2021.??.??"]
[EventType "blitz"]

1. e4 e5 2. Nf3 d5 3. d4 dxe4 4. Nxe5 Bd6 5. Bf4 Nf6 6. Bc4 O-O 7. O-O Nbd7 8.
Nc3 h6 9. Re1 Qe7 10. Nxe4 Nxe4 11. Rxe4 Bxe5 12. dxe5 Nc5 13. Re1 Be6 14. Qe2
Rad8 15. Be3 b6 16. f4 Bxc4 17. Qxc4 Qe6 18. Qxe6 Nxe6 19. f5 Nd4 20. Bxd4 Rxd4
21. Rad1 Rfd8 22. Rxd4 Rxd4 23. Re2 Kf8 24. g3 Ke7 25. Kf2 g6 26. Ke3 c5 27. c3
Ra4 28. b3 Rg4 29. fxg6 fxg6 30. Kf3 h5 31. h3 Rg5 32. g4 hxg4+ 33. hxg4 Ke6
34. Kf4 {Normal} 1-0

[Event "Rated Blitz game"]
[Site "?"]
[Date "2021.03.30"]
[Round "?"]
[White "DanielPerchman"]
[Black "oJHoNz"]
[Result "1-0"]
[WhiteElo "2416"]
[BlackElo "2389"]
[PlyCount "51"]
[EventDate "2021.??.??"]
[EventType "blitz"]

1. e4 e5 2. Nf3 d5 3. d4 dxe4 4. Nxe5 Bd6 5. Bc4 Bxe5 6. Qh5 Qe7 7. dxe5 Nc6 8.
Bf4 g6 9. Qe2 Nxe5 10. Bxe5 Qxe5 11. Nc3 Nf6 12. f3 O-O 13. fxe4 Bg4 14. Qe3
Rfe8 15. O-O c6 16. Rf4 b5 17. Bxf7+ Kxf7 18. Raf1 Kg7 19. Rxf6 Re7 20. Rxc6 b4
21. Nd5 Qxe4 22. Qxe4 Rxe4 23. Rc7+ Kh6 24. Nf6 Rd4 25. Rxh7+ Kg5 26. h4# {
Normal} 1-0

[Event "Rated Blitz game"]
[Site "?"]
[Date "2021.03.30"]
[Round "?"]
[White "firetosky"]
[Black "DarthZannah"]
[Result "1-0"]
[WhiteElo "2565"]
[BlackElo "2499"]
[PlyCount "131"]
[EventDate "2021.??.??"]
[EventType "blitz"]

1. e4 e5 2. Nf3 d5 3. d3 dxe4 4. dxe4 Qxd1+ 5. Kxd1 f6 6. Bc4 Bc5 7. Be3 Bxe3
8. fxe3 Ne7 9. Ke2 c6 10. a3 b5 11. Ba2 a5 12. Nbd2 Ba6 13. b4 Nd7 14. Nb3 a4
15. Na5 Nb6 16. Nd2 Kd7 17. Rhd1 Kc7 18. Rac1 Rad8 19. c4 Kb8 20. c5 Nd7 21.
Nf1 Kc7 22. Ng3 Nb8 23. Nh5 Bc8 24. h3 f5 25. Nxg7 fxe4 26. Ne6+ Bxe6 27. Bxe6
Nd5 28. g4 h5 29. g5 h4 30. Bf5 Rhg8 31. Rg1 Nd7 32. Bxe4 Nf8 33. g6 Rg7 34.
Rg5 Re8 35. Nxc6 Kxc6 36. Rd1 Rd7 37. Rxd5 Rxd5 38. g7 Ne6 39. g8=Q Rxg8 40.
Rxg8 Nc7 41. Rc8 Kd7 42. Rxc7+ Kxc7 43. Bxd5 Kd7 44. e4 Kc7 45. Kf3 Kd7 46. Kg4
Ke7 47. Kxh4 Kf6 48. Kg4 Kg6 49. Bc6 Kf6 50. Bxb5 Kg6 51. Bxa4 Kf6 52. Bb3 Kg6
53. Bd5 Kf6 54. a4 Ke7 55. a5 Kd7 56. b5 Kc7 57. h4 Kb8 58. h5 Kc7 59. h6 Kb8
60. h7 Kc7 61. a6 Kd7 62. b6 Ke7 63. a7 Kd7 64. h8=Q Ke7 65. Qg7+ Kd8 66. a8=Q#
{Normal} 1-0

[Event "Rated Blitz game"]
[Site "?"]
[Date "2021.03.30"]
[Round "?"]
[White "ChessASMRtist"]
[Black "GrandeGila"]
[Result "1-0"]
[WhiteElo "2491"]
[BlackElo "2396"]
[PlyCount "79"]
[EventDate "2021.??.??"]
[EventType "blitz"]

1. e4 e5 2. Nf3 d5 3. exd5 e4 4. Qe2 Nf6 5. Nc3 Be7 6. Nxe4 O-O 7. Nxf6+ Bxf6
8. d4 Qxd5 9. Be3 Bf5 10. c3 Nd7 11. Qb5 Nb6 12. Qxd5 Nxd5 13. O-O-O Rfe8 14.
Bd3 Bxd3 15. Rxd3 b5 16. Kc2 a5 17. a4 bxa4 18. Ra1 Nb6 19. d5 Rad8 20. d6 a3
21. b3 a4 22. bxa4 Nxa4 23. Rxa3 Nxc3 24. Rdxc3 Bxc3 25. dxc7 Rd7 26. Rxc3 Rc8
27. Bb6 f6 28. Nd4 Kf7 29. Kb3 Rd6 30. Rc6 Rd5 31. Kc4 Re5 32. Nb5 Ke7 33. Bd4
Re1 34. Kd5 Rd1 35. Re6+ Kd7 36. Rd6+ Ke7 37. Kc6 Rc1+ 38. Bc5 Ke8 39. Rd4 Rc2
40. Nd6+ {Normal} 1-0

[Event "Rated Blitz game"]
[Site "?"]
[Date "2021.03.30"]
[Round "?"]
[White "ExRom"]
[Black "DarthZannah"]
[Result "1-0"]
[WhiteElo "2433"]
[BlackElo "2494"]
[PlyCount "55"]
[EventDate "2021.??.??"]
[EventType "blitz"]

1. e4 e5 2. Nf3 d5 3. exd5 e4 4. Qe2 Nf6 5. Nc3 Be7 6. Nxe4 O-O 7. Nxf6+ Bxf6
8. Qd1 Qxd5 9. Be2 c5 10. O-O Nc6 11. d3 Re8 12. c3 Bg4 13. Be3 Rad8 14. h3 Bh5
15. Re1 b6 16. Qa4 Bg6 17. Rad1 Re7 18. Nd2 Ne5 19. Ne4 Bxe4 20. dxe4 Qa8 21.
f4 Nd7 22. e5 Bh4 23. Rf1 Ree8 24. Bb5 Nxe5 25. fxe5 Rxe5 26. Qxh4 Rxd1 27.
Rxd1 Rxe3 28. Rd8+ {Normal} 1-0

[Event "Rated Blitz game"]
[Site "?"]
[Date "2021.03.30"]
[Round "?"]
[White "ekok1984"]
[Black "Jomajo"]
[Result "0-1"]
[WhiteElo "2426"]
[BlackElo "2594"]
[PlyCount "26"]
[EventDate "2021.??.??"]
[EventType "blitz"]

1. e4 e5 2. Nf3 d5 3. Nxe5 Bd6 4. d4 dxe4 5. Bc4 Bxe5 6. dxe5 Qxd1+ 7. Kxd1 Nc6
8. Nc3 Bg4+ 9. Be2 O-O-O+ 10. Ke1 Bxe2 11. Kxe2 Nd4+ 12. Kf1 Nxc2 13. Bf4 Nxa1
{Normal} 0-1

[Event "Rated Blitz game"]
[Site "?"]
[Date "2021.03.30"]
[Round "?"]
[White "Amauri63"]
[Black "DarthZannah"]
[Result "1-0"]
[WhiteElo "2323"]
[BlackElo "2495"]
[PlyCount "69"]
[EventDate "2021.??.??"]
[EventType "blitz"]

1. e4 e5 2. Nf3 d5 3. Nxe5 dxe4 4. d4 Nd7 5. Nxd7 Bxd7 6. Nc3 Nf6 7. Bg5 Bb4 8.
Qd2 h6 9. Bxf6 Qxf6 10. O-O-O O-O 11. Qe3 Rfe8 12. Bc4 Qg6 13. Kb1 c6 14. Bb3
b5 15. Ne2 a5 16. Nf4 Qf5 17. g4 Qxg4 18. Rhg1 Qf3 19. Qxf3 exf3 20. Nh5 g5 21.
Nf6+ Kg7 22. Nxd7 a4 23. a3 Bd6 24. Ba2 Bxh2 25. Rh1 Bf4 26. d5 Re2 27. dxc6
Rc8 28. Bd5 Rxf2 29. Rd3 g4 30. Rd4 g3 31. Rxf4 g2 32. Rg4+ Kh7 33. Be4+ f5 34.
Bxf5+ Kh8 35. Rxh6# {Normal} 1-0

[Event "Rated Blitz game"]
[Site "?"]
[Date "2021.03.30"]
[Round "?"]
[White "Foodrun22"]
[Black "DarthZannah"]
[Result "0-1"]
[WhiteElo "2321"]
[BlackElo "2495"]
[PlyCount "140"]
[EventDate "2021.??.??"]
[EventType "blitz"]

1. e4 e5 2. Nf3 d5 3. Nxe5 dxe4 4. Bc4 Qg5 5. d4 Qxg2 6. Rf1 Be6 7. d5 Bh3 8.
Qh5 g6 9. Qe2 Qxf1+ 10. Qxf1 Bxf1 11. Kxf1 Bg7 12. Bf4 g5 13. Bg3 f5 14. d6 f4
15. dxc7 Nc6 16. Nf7 Nge7 17. Be6 Nc8 18. Nc3 fxg3 19. Rd1 Ke7 20. Nxg5 Nd6 21.
Nd5+ Ke8 22. Ne3 gxh2 23. Kg2 Be5 24. c4 Nc8 25. Nf5 Bxc7 26. Bd7+ Kf8 27. Ne6+
Kf7 28. Nxc7 Ne5 29. Nxa8 Nxd7 30. Rxd7+ Ke6 31. Rg7 Kxf5 32. Kxh2 Nd6 33. Nc7
Nxc4 34. Nd5 Nxb2 35. Rxb7 Nd3 36. Rxa7 Nxf2 37. Kg2 Nd3 38. Rf7+ Ke5 39. Ne3
Nf4+ 40. Kf2 Nd3+ 41. Ke2 h5 42. a4 h4 43. Re7+ Kd4 44. Rd7+ Kc5 45. Re7 h3 46.
Ng4 Nf4+ 47. Kf2 Kd4 48. Kg3 Ne2+ 49. Kh2 Nc3 50. Rd7+ Kc4 51. a5 Kb5 52. Rc7
Nd5 53. Rd7 Nb4 54. Rd4 Kxa5 55. Rxe4 Kb5 56. Re5+ Kc4 57. Nf2 Kd4 58. Re4+ Kc5
59. Rg4 Nd5 60. Rg5 Kd4 61. Rg4+ Ke3 62. Nxh3 Kf3 63. Rg3+ Ke4 64. Kg2 Ne3+ 65.
Kf2 Rf8+ 66. Kg1 Rf1+ 67. Kh2 Ra1 68. Ng1 Nf1+ 69. Kg2 Nxg3 70. Kxg3 Rxg1+ {
Normal} 0-1

[Event "Rated Blitz game"]
[Site "?"]
[Date "2021.03.30"]
[Round "?"]
[White "NormWeinstein"]
[Black "DonCroccante"]
[Result "1-0"]
[WhiteElo "2451"]
[BlackElo "2336"]
[PlyCount "47"]
[EventDate "2021.??.??"]
[EventType "blitz"]

1. e4 e5 2. Nf3 d5 3. d4 dxe4 4. Nxe5 Bd6 5. Bf4 Nf6 6. Be2 O-O 7. O-O Nc6 8.
Nc3 Qe8 9. Bb5 Bf5 10. f3 e3 11. Bxe3 Bxe5 12. dxe5 Qxe5 13. Bf2 a6 14. Bxc6
bxc6 15. Re1 Qd6 16. Bg3 Qb4 17. Qc1 Qb6+ 18. Bf2 Qb4 19. a3 Qc4 20. Qd2 Nd5
21. Ne4 Rfe8 22. b3 Qb5 23. c4 Qa5 24. Qxa5 {Normal} 1-0

[Event "Rated Blitz game"]
[Site "?"]
[Date "2021.03.30"]
[Round "?"]
[White "ekok1984"]
[Black "Jomajo"]
[Result "0-1"]
[WhiteElo "2423"]
[BlackElo "2597"]
[PlyCount "66"]
[EventDate "2021.??.??"]
[EventType "blitz"]

1. e4 e5 2. Nf3 d5 3. Nc3 d4 4. Ne2 d3 5. cxd3 Nc6 6. Ng3 Bc5 7. d4 Nxd4 8. d3
Bg4 9. Be2 Nxe2 10. Qxe2 Ne7 11. h3 Bxf3 12. Qxf3 Nc6 13. O-O Nd4 14. Qd1 O-O
15. Be3 Ne6 16. Rc1 b6 17. a3 a5 18. Qd2 g6 19. Rfd1 Qd6 20. Rc4 Rad8 21. Qc2
f5 22. Bxc5 Nxc5 23. exf5 gxf5 24. b4 axb4 25. axb4 Ne6 26. Rc6 Qd5 27. Qc4
Qxc4 28. Rxc4 c5 29. bxc5 bxc5 30. Re1 Rd5 31. Ne2 Rxd3 32. f4 e4 33. Nc3 Rd4 {
Normal} 0-1